000
00357nam a2200157Ia 4500
003
0STCL
008
150530s9999 xx 000 0 und d
040
_a
STCL
_c
STCL
100
_a
Romer, A.S.
245
_a
Man and the vertebrates vol-II
260
_b
Penguin
_c
1960
546
_a
English
942
_2
ddc
_c
BK
999
_c
39979
_d
39979
005
20220125170509.0